000 00482nam a2200193Ia 4500
005 20140311163218.0
008 140130s9999 xx 000 0 und d
020 _a0439436532
050 _aPR 4222
_b.B885 2002
100 _aBrowning, Robert
_931473
245 _cBrowning, Robert
_aThe pied piper (w/cd) /
260 _bScholastic,
_c2002.
_aNew York :
300 _a78 p. :
_c22 cm.
440 _v1
521 _aG2
526 _c380
942 _cBK
_2lcc
999 _c42946
_d42946